000 00603nam a2200181Ia 4500
008 100921s9999 xx 000 0 und d
082 _b32099
_a891.463 थ 97
100 _aशिरवळकर सुहास.
245 _aथरारक.
260 _bशशीदीप प्रकाशन, पुणे.
_c1997
300 _a252
_bशांती पब्लिकेशन,पुणे
365 _b150
520 _aललित-कादंबरी.
630 _aथरारक.
650 _aललित-कादंबरी.
730 _aथरारक.
942 _cBOOK
999 _c781212
_d781209